00487nam a2200193Ia 4500008004100000041001200041082001200053100003900065245002600104260002300130300000800153365000800161520002000169546001200189630002600201650002000227655002000247730002600267101110s9999 xx 000 0 und d aENGLISH bSR25104 aBhattacharya S.S;Ansari A.S.Yeragi aZoology S.Y.Bsc Vol.I c2003bSheth Mumbai a442 b165 aBiology/Zoology aENGLISH aZoology S.Y.Bsc Vol.I aBiology/Zoology aBiology/Zoology aZoology S.Y.Bsc Vol.I